LEADER 01305nam a2200313 a 4500 001 000000129139 003 CaOOAMICUS 005 20120601115018.0 008 120601s2012 it u000 u ita r 020 $a978-88-452-7000-0 040 $aPUL$bita 041 1 $aita$aspa$hspa 100 1 $aUnamuno, Miguel de,$d1864-1936.$0(OLS)http://pul/name/40827 245 10$aAgonia del cristianesimo /$cMiguel De Unamuno ; introduzione, traduzione, note e apparati di Enrico Rubetti. 260 $aMilano :$bBompiani,$c©2012. 300 $a342 p. ;$c21 cm. 490 1 $aBompiani testi a fronte ;$v141 504 $aBibliografia p. [299]-334. 546 $aTraduzione in italiano con testo spagnolo a fronte. 700 1 $aRubetti, Enrico.$0(OLS)http://pul/name/82650 830 0$aBompiani testi a fronte ;$v141.$0(OLS)http://pul/title/87343 850 $aPUL 852 $aPUL$W1$xSL Filosofia 2$y80$mPhil A2 2.141$j147378$qStampati Altre Collocazioni$B148061$CPULBib$Z2$F148061 $H119874 $82 941 1 $a10 983 0$aTesti a fronte (Bompiani) 996 $6020$a978-88-452-7000-0$9(OLS)http://pul/number/149863 996 $6245$aAgonia del cristianesimo$9(OLS)http://pul/title/163172 996 $6260$aMilano :$bBompiani$9(OLS)http://pul/publisher/48240 LEADER 01477nam a2200325 u 4500 001 000000081821 003 CaOOAMICUS 005 20070226123809.0 008 050331s2002 dcu u000 u eng u 020 $a0-8132-1081-X 035 $a11036896 040 $aPUL$bita 100 1 $aSánchez, José M.,$d1932-$0(OLS)http://pul/name/54482 245 10$aPius XII and the holocaust :$bunderstanding the controversy /$cJosé M. Sánchez. 260 $aWashington D.C. :$bCatholic University of America Press,$c2002. 300 $aix, 197 p. ;$c21 cm 504 $a"Bibliography": p. 181-189. 600 04$aPius PP.$bXII,$d1876-1958.$0(OLS)http://pul/subject/102 650 4$aGuerra mondiale, 1939-1945$xAspetti religiosi.$0(OLS)http://pul/subject/24809 650 4$aOlocausto.$0(OLS)http://pul/subject/25039 850 $aPUL 852 $aPUL$W1$xSL Religione 3$y85$m282. 092 SANJO 1$j104314$nBK-PRI$b $qDDC 21$B104314$CPULBib$Z2$F104314 $HPUL97579 $81 941 1 $a9 960 $aPapi (1939-1958 : Pius PP. XII)$9102 960 $aPapi (1939-1958 : Pius PP. XII)$9102 960 $aPacelli, Eugenio,$d1876-1958$9102 960 $aPio$bXII,$cpapa,$d1876-1958$9102 996 $6020$a0-8132-1081-X$9(OLS)http://pul/number/108397 996 $6245$aPius XII and the holocaust :$bunderstanding the controversy$9(OLS)http://pul/title/106965 996 $6260$aWashington D.C. :$bCatholic University of America Press$9(OLS)http://pul/publisher/76112